Küçük sanayide daha verimli nasıl çalışabiliriz (Record no. 5084)

000 -LEADER
fixed length control field 00875nmm a2200253 a 4500
001 - CONTROL NUMBER
control field ocm000701263
003 - CONTROL NUMBER IDENTIFIER
control field TR-IsHL
005 - DATE AND TIME OF LATEST TRANSACTION
control field 20201028132424.0
008 - FIXED-LENGTH DATA ELEMENTS--GENERAL INFORMATION
fixed length control field 131030s1985 tu tur
007 - PHYSICAL DESCRIPTION FIXED FIELD--GENERAL INFORMATION
fixed length control field cr cn
035 ## - SYSTEM CONTROL NUMBER
System control number 701263
-- (N$T)
050 04 - LIBRARY OF CONGRESS CALL NUMBER
Classification number HD2346.T9
Item number K83 1985
090 04 - LOCALLY ASSIGNED LC-TYPE CALL NUMBER (OCLC); LOCAL CALL NUMBER (RLIN)
Classification number (OCLC) (R) ; Classification number, CALL (RLIN) (NR) HD2346.T9
Local cutter number (OCLC) ; Book number/undivided call number, CALL (RLIN) K83 1985
245 10 - TITLE STATEMENT
Title Küçük sanayide daha verimli nasıl çalışabiliriz
Medium [electronic resource] /
Statement of responsibility, etc. haz. Ahmet Fahri Özok
260 ## - PUBLICATION, DISTRIBUTION, ETC.
Place of publication, distribution, etc. İstanbul :
Name of publisher, distributor, etc. İstanbul Ticaret Odası,
Date of publication, distribution, etc. 1985
300 ## - PHYSICAL DESCRIPTION
Extent 58 p.
650 #4 - SUBJECT ADDED ENTRY--TOPICAL TERM
Topical term or geographic name entry element Ekonomi ve Finans
650 #4 - SUBJECT ADDED ENTRY--TOPICAL TERM
Topical term or geographic name entry element Economics and Finance
650 #0 - SUBJECT ADDED ENTRY--TOPICAL TERM
Topical term or geographic name entry element Küçük işletmeler
General subdivision Türkiye
650 #0 - SUBJECT ADDED ENTRY--TOPICAL TERM
Topical term or geographic name entry element Small business
General subdivision Turkey
650 #7 - SUBJECT ADDED ENTRY--TOPICAL TERM
Topical term or geographic name entry element BUSINESS & ECONOMICS / Small Business
Source of heading or term bisacsh
700 1# - ADDED ENTRY--PERSONAL NAME
Personal name Özok, Ahmet Fahri
856 40 - ELECTRONIC LOCATION AND ACCESS
Uniform Resource Identifier <a href="http://search.ebscohost.com/login.aspx?direct=true&scope=site&db=e011xww&AN=701263">http://search.ebscohost.com/login.aspx?direct=true&scope=site&db=e011xww&AN=701263</a>
Holdings
Withdrawn status Lost status Source of classification or shelving scheme Damaged status Not for loan Collection code Permanent Location Current Location Date acquired Total Checkouts Full call number Barcode Date last seen Price effective from Koha item type
        Online   Kıbrıs Amerikan Üniversitesi Kütüphanesi / American University of Cyprus Kıbrıs Amerikan Üniversitesi Kütüphanesi / American University of Cyprus 28.10.2020   HD2346.T9 K83 1985 701263 28.10.2020 28.10.2020 E-Kitap
Devinim Yazılım Eğitim Danışmanlık tarafından Koha'nın orjinal sürümü uyarlanarak geliştirilip kurulmuştur.